Президент Каменного острова; Президент не уходит в отставку: повести; для среднего и старшего школьного возраста

Bibliografiske detaljer
Hovedforfatter: Козлов В. Ф. Вильям Федорович
Andre forfattere: Остров С. А. (иллюстратор)
Sprog:russisk
Udgivet: Ленинград, Детская литература, 1990
Serier:Золотая библиотека
Fag:
Format: MixedMaterials Bog
KOHA link:https://koha.lib.tpu.ru/cgi-bin/koha/opac-detail.pl?biblionumber=154724

MARC

LEADER 00000nam0a2200000 4500
001 154724
005 20231031152012.0
010 |a 5080002638 
020 |a RU  |b 90-40658 
035 |a (RuTPU)RU\TPU\book\167822 
090 |a 154724 
100 |a 20090304d1990 de y0rusy5003 ca 
101 0 |a rus 
102 |a RU 
105 |a a z 000ay 
200 1 |a Президент Каменного острова; Президент не уходит в отставку  |e повести   |e для среднего и старшего школьного возраста  |f В. Ф. Козлов  |g худож. С. А. Остров 
210 |a Ленинград  |c Детская литература  |c Ленингр. отд-ние  |d 1990 
215 |a 496 с.  |c ил.  |d 21 см 
225 1 |a Золотая библиотека  |e Избранные произведения для детей и юношества 
610 1 |a Туризм пионеров и школьников 
610 1 |a Молодежь в СССР 
610 1 |a детская литература 
610 1 |a повести 
675 |a Р2  |z rus 
700 1 |a Козлов  |b В. Ф.  |g Вильям Федорович  |4 070 
702 1 |a Остров  |b С. А.  |4 440 
801 0 |a RU  |b RuMRKP  |c 19950417  |g psbo 
801 1 |a RU  |b 63413507  |c 20090304  |g PSBO 
801 2 |a RU  |b 63413507  |c 20090304  |g PSBO 
942 |c BK